Aspects des armes Hades - Statistiques

Statistiques générales
  • Ce quiz a été pris 44 fois
  • Le résultat moyen est 17 sur 24
Statistiques - réponses
Réponse % Correct
Zagreus
93%
Zagreus
93%
Zagreus
93%
Zagreus
93%
Zagreus
93%
Zagreus
93%
Zeus
90%
Arthur
88%
Hades
83%
Poseidon
78%
Achille
76%
Héra
73%
Lucifer
73%
Chaos
71%
Demeter
66%
Beowulf
63%
Gilgamesh
61%
Némésis
61%
Guan Yu
59%
Chiron
56%
Eris
56%
Hestia
56%
Rama
44%
Talos
37%
Aucun quiz correspondant
Distribution des résultats
% des personnes avec chaque résultat
Percentile par nombre de réponses
Votre historique - résultats
Vous n’avez pas pris ce quiz